[Event "SVK-ch U10"]
[Site "Dudince"]
[Date "2023.04.22"]
[Round "8"]
[White "Horny, Michal"]
[Black "Novozhilov, Dmitrii"]
[Result "1/2-1/2"]
[WhiteElo "1212"]
[BlackElo "1112"]
[PlyCount "82"]
[EventDate "2023.04.16"]
[EventType "swiss"]
[EventRounds "9"]
[EventCountry "SVK"]
[SourceTitle "CBM 213 Extra"]
[Source "ChessBase"]
[SourceDate "2023.05.31"]
[SourceVersion "1"]
[SourceVersionDate "2023.05.31"]
[SourceQuality "1"]

1. e4 c5 2. Nf3 Nc6 3. d4 cxd4 4. Nxd4 Nf6 5. Nc3 a6 6. Bc4 g6 7. Be3 Bg7 8. Qd2 d6 9. 0-0-0 Bd7 10. Nb3 Qc7 11. Bh6 Bxh6 12. Qxh6 Ng4 13. Qd2 Qb6 14. Rdf1 Nge5 15. Bd3 Nxd3+ 16. Qxd3 Ne5 17. Qd2 Bc6 18. f3 0-0-0 19. Qf2 Qxf2 20. Rxf2 d5 21. Nd4 dxe4 22. Nxc6 Nxc6 23. Nxe4 f5 24. Nc3 e5 25. Re2 Rhe8 26. Rhe1 Re7 27. g3 Rde8 28. Nd5 Re6 29. Nf4 Nd4 30. Nxe6 Nxe2+ 31. Rxe2 Rxe6 32. g4 f4 33. c4 b6 34. Kc2 Kc7 35. Kc3 Kc6 36. a3 a5 37. b3 g5 38. b4 axb4+ 39. axb4 h6 40. h3 Re7 41. b5+ Kb7 1/2-1/2

[Event "SVK-ch U10"]
[Site "Dudince"]
[Date "2023.04.17"]
[Round "2"]
[White "Sipos, Aron"]
[Black "Horny, Michal"]
[Result "1-0"]
[WhiteElo "1125"]
[BlackElo "1212"]
[PlyCount "91"]
[EventDate "2023.04.16"]
[EventType "swiss"]
[EventRounds "9"]
[EventCountry "SVK"]
[SourceTitle "CBM 213 Extra"]
[Source "ChessBase"]
[SourceDate "2023.05.31"]
[SourceVersion "1"]
[SourceVersionDate "2023.05.31"]
[SourceQuality "1"]

1. d4 d5 2. Bf4 Bf5 3. Nf3 Nf6 4. e3 e6 5. Nc3 Bb4 6. Bd3 Be4 7. 0-0 Nc6 8. Nb5 Rc8 9. Ne5 Nxe5 10. dxe5 Nd7 11. Nxa7 Ra8 12. Nb5 c6 13. Nd6+ Bxd6 14. exd6 Nc5 15. b4 Nxd3 16. cxd3 Bg6 17. Qb3 f6 18. b5 Rb8 19. d4 Bf7 20. d7+ Kxd7 21. bxc6+ bxc6 22. Bxb8 Qxb8 23. Qxb8 Rxb8 24. Rfb1 Ra8 25. Rb7+ Ke8 26. a4 Ra5 27. Rc7 Ra6 28. a5 Bg6 29. Rxg7 Kf8 30. Rb7 Bd3 31. Rb6 Ra7 32. a6 Ke8 33. Rb7 Rxa6 34. Rxa6 Bxa6 35. Rxh7 Bd3 36. Rg7 Kf8 37. Rg3 e5 38. h4 exd4 39. exd4 Be4 40. h5 Kf7 41. h6 Kf8 42. Rg7 Bd3 43. g4 Bc4 44. f4 Bb5 45. g5 f5 46. Rc7 1-0

[Event "SVK-ch U08"]
[Site "Stara Lubovna"]
[Date "2021.07.01"]
[Round "7"]
[White "Chmelik, Juraj"]
[Black "Horny, Michal"]
[Result "0-1"]
[WhiteElo "1000"]
[BlackElo "1000"]
[PlyCount "98"]
[EventDate "2021.06.26"]
[EventType "swiss"]
[EventRounds "9"]
[EventCountry "SVK"]
[SourceTitle "CBM 203 Extra"]
[Source "ChessBase"]
[SourceDate "2021.09.30"]
[SourceVersion "1"]
[SourceVersionDate "2021.09.30"]
[SourceQuality "1"]

1. e4 c5 2. Nc3 Nc6 3. Nf3 d6 4. Bb5 Bd7 5. 0-0 g6 6. d3 Bg7 7. Bg5 h6 8. Bh4 Nf6 9. Re1 e5 10. Bxf6 Bxf6 11. Nd5 Bg7 12. c3 0-0 13. Bc4 Be6 14. Bb5 Bxd5 15. exd5 Ne7 16. c4 a6 17. Ba4 Rb8 18. a3 b5 19. cxb5 axb5 20. Bc2 b4 21. axb4 Rxb4 22. b3 Nxd5 23. Ra7 Qb8 24. Qa1 Rb7 25. Ra6 Re8 26. Qa5 Nb4 27. Bd1 Nxa6 28. Qxa6 Ra7 29. Qc6 Rc8 30. Qd5 Re8 31. Qc6 Rc7 32. Qa6 Qa7 33. Qb5 Rb8 34. Qc4 Rb4 35. Qd5 Qa6 36. Nd2 Rd4 37. Qf3 Qxd3 38. Qa8+ Kh7 39. Re2 Qb1 40. Re1 Rxd2 41. g3 Rxd1 42. Rxd1 Qxd1+ 43. Kg2 d5 44. Qd8 Rb7 45. Qc8 Rxb3 46. Qxc5 Qf3+ 47. Kh3 d4 48. Qxe5 Bxe5 49. Kh4 Qh5# 0-1

[Event "SVK-ch U08"]
[Site "Stara Lubovna"]
[Date "2021.06.30"]
[Round "6"]
[White "Muller, Tomas"]
[Black "Horny, Michal"]
[Result "1-0"]
[WhiteElo "1116"]
[BlackElo "1000"]
[PlyCount "67"]
[EventDate "2021.06.26"]
[EventType "swiss"]
[EventRounds "9"]
[EventCountry "SVK"]
[SourceTitle "CBM 203 Extra"]
[Source "ChessBase"]
[SourceDate "2021.09.30"]
[SourceVersion "1"]
[SourceVersionDate "2021.09.30"]
[SourceQuality "1"]

1. d4 d5 2. Bf4 Nc6 3. e3 Bf5 4. c3 Nf6 5. Nf3 e6 6. Bd3 Bxd3 7. Qxd3 Bd6 8. Bxd6 Qxd6 9. Nbd2 0-0 10. 0-0-0 e5 11. dxe5 Nxe5 12. Nxe5 Qxe5 13. f4 Qd6 14. h3 c5 15. c4 d4 16. Ne4 Nxe4 17. Qxe4 Qb6 18. exd4 cxd4 19. Qxd4 Qxd4 20. Rxd4 Rac8 21. b3 Rc7 22. Rhd1 h6 23. g4 Rfc8 24. Kb2 Re8 25. Rd8 Rxd8 26. Rxd8+ Kh7 27. Rd5 Re7 28. Ka3 Re3 29. h4 Re4 30. Rf5 g6 31. Rxf7+ Kg8 32. Rxb7 Rxf4 33. c5 Rxg4 34. c6 1-0

[Event "SVK-ch U08"]
[Site "Stara Lubovna"]
[Date "2021.06.28"]
[Round "4"]
[White "Horny, Michal"]
[Black "Rozboril, Alex"]
[Result "1-0"]
[WhiteElo "1000"]
[BlackElo "1000"]
[PlyCount "87"]
[EventDate "2021.06.26"]
[EventType "swiss"]
[EventRounds "9"]
[EventCountry "SVK"]
[SourceTitle "CBM 203 Extra"]
[Source "ChessBase"]
[SourceDate "2021.09.30"]
[SourceVersion "1"]
[SourceVersionDate "2021.09.30"]
[SourceQuality "1"]

1. e4 e5 2. Nf3 Nc6 3. Bc4 Bc5 4. Nc3 Nf6 5. d3 d6 6. Bg5 b6 7. Nd5 Bb7 8. c3 h6 9. Bh4 g5 10. Nxg5 hxg5 11. Bxg5 Qd7 12. Nxf6+ Kd8 13. Nxd7+ Kxd7 14. Bd5 Rhg8 15. Bd2 Rxg2 16. Qf3 Rgg8 17. Qxf7+ Ne7 18. Bxb7 Rab8 19. Bd5 Rbf8 20. Qe6+ Kd8 21. Bc6 Nxc6 22. Qd5 Ne7 23. Qa8+ Kd7 24. Qxa7 Kc6 25. Qa4+ b5 26. Qa6+ Kd7 27. Qxb5+ Ke6 28. b4 Bxf2+ 29. Ke2 Rg2 30. Kd1 Rfg8 31. Kc2 c6 32. Qc4+ Kf6 33. d4 d5 34. dxe5+ Ke6 35. exd5+ cxd5 36. Qa6+ Kxe5 37. Qe2+ Kf6 38. Raf1 Kf7 39. Rxf2+ Rxf2 40. Qxf2+ Ke8 41. Re1 Kd8 42. Qa7 Re8 43. Bf4 Nc6 44. Qc7# 1-0

[Event "SVK-ch U08"]
[Site "Lubovna"]
[Date "2020.08.22"]
[Round "9"]
[White "Hnat, Samuel"]
[Black "Horny, Michal"]
[Result "0-1"]
[WhiteElo "1000"]
[BlackElo "1000"]
[PlyCount "50"]
[EventDate "2020.08.15"]
[EventType "tourn"]
[EventRounds "9"]
[EventCountry "SVK"]
[SourceTitle "EXT 2021"]
[Source "ChessBase"]
[SourceDate "2020.10.23"]
[SourceVersion "1"]
[SourceVersionDate "2020.10.23"]
[SourceQuality "1"]

1. e3 e5 2. Qf3 Nc6 3. Bc4 Nf6 4. Nh3 e4 5. Qe2 d5 6. Bb3 Bc5 7. Nc3 0-0 8. d3 exd3 9. cxd3 Bg4 10. Qd2 Re8 11. 0-0 d4 12. exd4 Bxd4 13. Re1 Rxe1+ 14. Qxe1 Nb4 15. Qf1 Qe7 16. Ng5 Re8 17. Nxf7 Qe1 18. Ng5+ Kh8 19. Bd2 Qxd2 20. Nb5 Qxg5 21. Nxa7 Bxa7 22. Qc1 Qxc1+ 23. Rxc1 Nxd3 24. a4 Nxc1 25. Bc2 Re1# 0-1

[Event "SVK-ch U08"]
[Site "Lubovna"]
[Date "2020.08.16"]
[Round "2"]
[White "Kluska, David"]
[Black "Horny, Michal"]
[Result "1/2-1/2"]
[WhiteElo "1114"]
[BlackElo "1000"]
[PlyCount "80"]
[EventDate "2020.08.15"]
[EventType "tourn"]
[EventRounds "9"]
[EventCountry "SVK"]
[SourceTitle "EXT 2021"]
[Source "ChessBase"]
[SourceDate "2020.10.23"]
[SourceVersion "1"]
[SourceVersionDate "2020.10.23"]
[SourceQuality "1"]

1. e4 e5 2. Nf3 Nc6 3. g3 Nf6 4. Bg2 Nxe4 5. 0-0 Bc5 6. d3 Nf6 7. Nc3 0-0 8. d4 exd4 9. Nb5 a6 10. Nbxd4 Nxd4 11. Nxd4 d5 12. Nb3 Bg4 13. Qd3 b6 14. c3 Re8 15. Bd2 Be2 16. Qf5 Bxf1 17. Bxf1 Qc8 18. Qd3 Qd7 19. Be2 Qe6 20. Bf1 a5 21. a4 Qd6 22. Qc2 Qc6 23. Bb5 Qb7 24. Bxe8 Rxe8 25. Rf1 Re6 26. Nc1 Qc6 27. b4 axb4 28. cxb4 Bxf2+ 29. Rxf2 Qxc2 30. Bf4 Re1+ 31. Kg2 Ng4 32. Rxc2 h6 33. h3 g5 34. Be5 Ne3+ 35. Kh2 Nxc2 36. a5 bxa5 37. bxa5 Rxc1 38. a6 Rd1 39. a7 Rd2+ 40. Kh1 Rd1+ 1/2-1/2

[Event "SVK-ch U08"]
[Site "Lubovna"]
[Date "2020.08.15"]
[Round "1"]
[White "Horny, Michal"]
[Black "Mazak, Ryan"]
[Result "0-1"]
[WhiteElo "1000"]
[BlackElo "1217"]
[PlyCount "106"]
[EventDate "2020.08.15"]
[EventType "tourn"]
[EventRounds "9"]
[EventCountry "SVK"]
[SourceTitle "EXT 2021"]
[Source "ChessBase"]
[SourceDate "2020.10.23"]
[SourceVersion "1"]
[SourceVersionDate "2020.10.23"]
[SourceQuality "1"]

1. e4 e5 2. Nf3 Nc6 3. Bc4 Nd4 4. Nxe5 Qg5 5. Ng4 d5 6. c3 Bxg4 7. f3 Bd7 8. 0-0 dxc4 9. d3 Qxc1 10. Qxc1 Ne2+ 11. Kh1 Nxc1 12. Rxc1 cxd3 13. Rd1 Bb5 14. a4 Bc6 15. Rxd3 Rd8 16. Rxd8+ Kxd8 17. Na3 Bxa3 18. Rxa3 Ne7 19. c4 Kc8 20. b4 Rd8 21. h3 f5 22. exf5 Nxf5 23. b5 Be8 24. g4 Nd4 25. Kg2 Bf7 26. c5 b6 27. cxb6 axb6 28. Kg3 Bd5 29. Rd3 Nxf3 30. Re3 Nd2 31. Re7 Ne4+ 32. Kf4 Nc5 33. Rxg7 Ne6+ 34. Kf5 Nxg7+ 35. Kf6 Ne6 36. Ke5 Re8 37. Kf6 Bb3 38. g5 Bxa4 39. h4 c5 40. bxc6 Bxc6 41. h5 Kd7 42. g6 Rf8+ 43. Ke5 hxg6 44. hxg6 Ng7 45. Kd4 Rf4+ 46. Ke5 Re4+ 47. Kf6 Ne8+ 48. Kf5 Nd6+ 49. Kg5 Ke6 50. Kh6 Rg4 51. Kh7 Ke7 52. g7 Kf6 53. g8Q Rh4# 0-1